[Event "19. Open Ciutat de Montcada 2011"]
[Site "Montcada i Reixac ESP"]
[Date "2011.06.25"]
[Round "1.2"]
[White "Hernando Rodrigo, Jose Maria"]
[Black "Cornette, Matthieu"]
[Result "1-0"]
[WhiteElo "2302"]
[BlackElo "2562"]
[PlyCount "92"]
[EventDate "2011.06.25"]
[EventType "swiss"]
[EventRounds "9"]
[EventCountry "ESP"]
[Source "lmi"]
[SourceDate "2011.06.25"]

1. d4 Nf6 2. c4 e6 3. Nf3 d5 4. Nc3 Bb4 5. cxd5 exd5 6. Bg5 h6 7. Bxf6 Qxf6 8.
Qa4+ Nc6 9. Ne5 O-O 10. Nxc6 Bxc3+ 11. bxc3 bxc6 12. g3 Re8 13. Bg2 Bf5 14. Qa6
Rab8 15. O-O Rb2 16. Rae1 Rc2 17. e4 dxe4 18. Re3 Rb8 19. Qxa7 Rbb2 20. Rxe4 g5
21. Re8+ Kg7 22. Qc5 Bd3 23. Qf8+ Kg6 24. Be4+ Kh5 25. Qe7 Qxe7 26. Rxe7 Bxf1
27. Bxc2 Bc4 28. Be4 Rxa2 29. Rxc7 Ra1+ 30. Kg2 Re1 31. f3 Re2+ 32. Kh3 g4+ 33.
fxg4+ Kg5 34. Rxc6 Be6 35. Rc5+ Kf6 36. Bd5 Bd7 37. Bc6 Be6 38. Bb5 Re4 39. Re5
Rxe5 40. dxe5+ Kg5 41. Bd3 h5 42. Kg2 hxg4 43. Kf2 f6 44. exf6 Kxf6 45. Ke3 Ke5
46. Be2 Kd5 1-0

[Event "19. Open Ciutat de Montcada 2011"]
[Site "Montcada i Reixac ESP"]
[Date "2011.06.25"]
[Round "1.4"]
[White "Gavilan Diaz, Mario"]
[Black "Almeida Quintana, Omar"]
[Result "0-1"]
[WhiteElo "2278"]
[BlackElo "2555"]
[PlyCount "90"]
[EventDate "2011.06.25"]
[EventType "swiss"]
[EventRounds "9"]
[EventCountry "ESP"]
[Source "lmi"]
[SourceDate "2011.06.25"]

1. d4 Nf6 2. c4 c5 3. d5 e6 4. Nc3 exd5 5. cxd5 d6 6. e4 g6 7. h3 a6 8. a4 Bg7
9. Nf3 Nbd7 10. Bd3 Nh5 11. O-O Ne5 12. Be2 Nxf3+ 13. Bxf3 Qh4 14. Bg4 O-O 15.
Bxc8 Raxc8 16. Qg4 Qxg4 17. hxg4 Nf6 18. Bf4 Nxg4 19. Bxd6 Rfe8 20. Bg3 g5 21.
Ra3 c4 22. Rd1 h5 23. f3 h4 24. Bf2 Nxf2 25. Kxf2 b5 26. axb5 axb5 27. Ra7 b4
28. Na4 c3 29. Rb7 cxb2 30. Rxb4 Rb8 31. Nb6 Rec8 32. Ke3 Rc1 33. Ke2 Rxd1 34.
Kxd1 Bd4 35. Kc2 Rxb6 36. Rxb6 Bxb6 37. Kxb2 Kg7 38. Kc3 Kf6 39. Kc4 Ke5 40.
Kb5 Bd8 41. Kc6 f5 42. exf5 Kxf5 43. Kd7 Ba5 44. Ke7 Ke5 45. Kf7 Bd2 0-1

[Event "19. Open Ciutat de Montcada 2011"]
[Site "Montcada i Reixac ESP"]
[Date "2011.06.25"]
[Round "1.6"]
[White "Asensio Linan, Teodoro"]
[Black "Narciso Dublan, Marc"]
[Result "0-1"]
[WhiteElo "2250"]
[BlackElo "2532"]
[PlyCount "54"]
[EventDate "2011.06.25"]
[EventType "swiss"]
[EventRounds "9"]
[EventCountry "ESP"]
[Source "lmi"]
[SourceDate "2011.06.25"]

1. e4 Nf6 2. e5 Nd5 3. d4 d6 4. c4 Nb6 5. f4 g6 6. h4 dxe5 7. fxe5 c5 8. d5 Bg7
9. Bf4 e6 10. Nc3 exd5 11. cxd5 O-O 12. h5 N8d7 13. Nf3 Nxe5 14. h6 Re8 15. Kf2
Ng4+ 16. Kg1 Bxc3 17. bxc3 Nxd5 18. Bg5 f6 19. Bc4 Be6 20. Rh4 fxg5 21. Rxg4
Bxg4 22. Bxd5+ Kh8 23. Qb3 Bxf3 24. Bxf3 Re7 25. Rf1 Qd3 26. Bg4 Rae8 27. Qa3
Re1 0-1

[Event "19. Open Ciutat de Montcada 2011"]
[Site "Montcada i Reixac ESP"]
[Date "2011.06.25"]
[Round "1.9"]
[White "Gonzalez Vidal, Yuri"]
[Black "Capellades Subirana, Marc"]
[Result "1-0"]
[WhiteElo "2504"]
[BlackElo "2222"]
[PlyCount "111"]
[EventDate "2011.06.25"]
[EventType "swiss"]
[EventRounds "9"]
[EventCountry "ESP"]
[Source "lmi"]
[SourceDate "2011.06.25"]

1. e4 e5 2. Nf3 Nc6 3. Bc4 Bc5 4. c3 Nf6 5. d3 d6 6. Bb3 O-O 7. Nbd2 Ne7 8. O-O
Ng6 9. d4 Bb6 10. Re1 c6 11. h3 Qe7 12. Nf1 Be6 13. Ng3 Qd7 14. Bg5 Ne8 15. Be3
f6 16. a4 Bxb3 17. Qxb3+ Qf7 18. Qc2 a5 19. Rad1 exd4 20. Nxd4 Bxd4 21. Bxd4
Nh4 22. f4 f5 23. e5 dxe5 24. Rxe5 Qg6 25. Kh2 Qh6 26. Nxf5 Qxf4+ 27. g3 Nf3+
28. Kg2 Qxe5 29. Bxe5 Nxe5 30. Qb3+ Nf7 31. Rf1 Nf6 32. Nh6+ gxh6 33. Rxf6 Kg7
34. Rf4 Rad8 35. Qxb7 Rd2+ 36. Rf2 Rxf2+ 37. Kxf2 Kg8 38. Kg2 Ne5 39. Qb3+ Kg7
40. Qe6 Nf3 41. Qe7+ Rf7 42. Qe2 c5 43. Qxf3 Rxf3 44. Kxf3 Kf6 45. Ke4 Ke6 46.
g4 Kd6 47. b4 cxb4 48. cxb4 axb4 49. Kd4 h5 50. g5 h4 51. Kc4 Ke5 52. a5 Kf4
53. a6 Kg3 54. a7 Kxh3 55. a8=Q Kh2 56. Qh8 1-0

[Event "19. Open Ciutat de Montcada 2011"]
[Site "Montcada i Reixac ESP"]
[Date "2011.06.25"]
[Round "1.10"]
[White "Alberto, Manuel"]
[Black "Munoz Pantoja, Miguel"]
[Result "0-1"]
[WhiteElo "2218"]
[BlackElo "2498"]
[PlyCount "50"]
[EventDate "2011.06.25"]
[EventType "swiss"]
[EventRounds "9"]
[EventCountry "ESP"]
[Source "lmi"]
[SourceDate "2011.06.25"]

1. e4 d5 2. exd5 Qxd5 3. c4 Qa5 4. Nc3 Nc6 5. d4 Bf5 6. Be3 Nf6 7. a3 Ne4 8.
Qb3 O-O-O 9. Nf3 e6 10. Rc1 Be7 11. Be2 Bf6 12. Rd1 g5 13. O-O g4 14. Nxe4 Bxe4
15. Nd2 Nxd4 16. Bxd4 Rxd4 17. Nxe4 Rxe4 18. Qc2 Qe5 19. Bd3 Rf4 20. b4 Qb2 21.
Qa4 Bd4 22. Bc2 Rd8 23. Kh1 Rxf2 24. Be4 Rxf1+ 25. Rxf1 Qe2 0-1

[Event "19. Open Ciutat de Montcada 2011"]
[Site "Montcada i Reixac ESP"]
[Date "2011.06.26"]
[Round "2.1"]
[White "Perez Mitjans, Orelvis"]
[Black "Hernandez Carmenates, Holden"]
[Result "0-1"]
[WhiteElo "2445"]
[BlackElo "2558"]
[PlyCount "102"]
[EventDate "2011.06.25"]
[EventType "swiss"]
[EventRounds "9"]
[EventCountry "ESP"]
[Source "lmi"]
[SourceDate "2011.06.25"]

1. e4 c5 2. Nf3 d6 3. d4 cxd4 4. Nxd4 Nf6 5. Nc3 a6 6. Be2 e5 7. Nb3 Be7 8. Bg5
Be6 9. Qd3 Nc6 10. Rd1 O-O 11. O-O Ne8 12. Bxe7 Nxe7 13. Rd2 Qc7 14. Rfd1 Rd8
15. Qe3 Nf6 16. Bf3 b5 17. a3 Rd7 18. Na2 h6 19. Qc3 Bc4 20. Nb4 a5 21. Nd3 Nc6
22. g3 Bxb3 23. cxb3 Nd4 24. Bg2 Qa7 25. Nc1 Rc7 26. Qd3 Nd7 27. Qe3 Nc5 28. f4
Rfc8 29. Rf2 Nxe4 30. Bxe4 Rxc1 31. Rxc1 Rxc1+ 32. Kg2 Rc7 33. fxe5 dxe5 34.
Bd5 Re7 35. h4 Qc5 36. Be4 Qd6 37. Qc3 Qc7 38. Qe3 Qd7 39. Qd3 g6 40. Kh2 f5
41. Bg2 h5 42. a4 Kg7 43. Qc3 b4 44. Qc4 e4 45. Rf1 Qd6 46. Rd1 Rd7 47. Kh3 Qe5
48. Qc8 Rc7 49. Qb8 f4 50. Rxd4 Qf5+ 51. Kh2 fxg3+ 0-1

[Event "19. Open Ciutat de Montcada 2011"]
[Site "Montcada i Reixac ESP"]
[Date "2011.06.26"]
[Round "2.2"]
[White "Almeida Quintana, Omar"]
[Black "Esserman, Marc"]
[Result "1-0"]
[WhiteElo "2555"]
[BlackElo "2439"]
[PlyCount "91"]
[EventDate "2011.06.25"]
[EventType "swiss"]
[EventRounds "9"]
[EventCountry "ESP"]
[Source "lmi"]
[SourceDate "2011.06.25"]

1. d4 Nf6 2. c4 g6 3. Nc3 d5 4. e3 Bg7 5. cxd5 Nxd5 6. Nxd5 Qxd5 7. Ne2 O-O 8.
Nc3 Qd6 9. Be2 c6 10. f4 Nd7 11. O-O Rd8 12. Qc2 Nf6 13. Rd1 Bf5 14. e4 Ng4 15.
Qd2 Qc7 16. e5 Nxe5 17. fxe5 Bxe5 18. Qe3 Bxh2+ 19. Kh1 Rd7 20. g4 Bc2 21. Rf1
e5 22. d5 Bf4 23. Qf2 cxd5 24. Bxf4 exf4 25. Rac1 d4 26. Rxc2 dxc3 27. Rxc3 Qe5
28. Bf3 Rad8 29. Qxa7 Rd2 30. Qxb7 Qg5 31. Bg2 Qxg4 32. a4 Kg7 33. Qf3 Qxf3 34.
Rfxf3 Rxb2 35. Rxf4 Rdd2 36. Bf1 f5 37. Ra3 Ra2 38. Rff3 g5 39. a5 g4 40. Rg3
Rab2 41. a6 Rb1 42. Rg1 Rbb2 43. Rg2 Rxg2 44. Bxg2 f4 45. a7 g3 46. Be4 1-0

[Event "19. Open Ciutat de Montcada 2011"]
[Site "Montcada i Reixac ESP"]
[Date "2011.06.26"]
[Round "2.4"]
[White "Narciso Dublan, Marc"]
[Black "Matnadze, Ana"]
[Result "1-0"]
[WhiteElo "2532"]
[BlackElo "2429"]
[PlyCount "143"]
[EventDate "2011.06.25"]
[EventType "swiss"]
[EventRounds "9"]
[EventCountry "ESP"]
[Source "lmi"]
[SourceDate "2011.06.25"]

1. e4 c6 2. d4 g6 3. Nf3 d5 4. Nbd2 Bg7 5. Bd3 Nh6 6. O-O dxe4 7. Nxe4 Nf5 8.
c3 O-O 9. Bf4 Nd6 10. Re1 Bg4 11. Ned2 Nd7 12. h3 Bxf3 13. Nxf3 Nf6 14. Qb3 Nd5
15. Be5 Qd7 16. c4 Nf6 17. a4 a5 18. Rad1 Rfd8 19. Re2 e6 20. Qc3 Nde8 21. Ree1
Qe7 22. Bf1 Qb4 23. Qxb4 axb4 24. b3 Nd6 25. g4 Nfe8 26. Bg2 Nc7 27. Bxg7 Kxg7
28. Re3 Ra5 29. Ne1 Nc8 30. Nc2 Na6 31. f4 h5 32. Rf1 Ne7 33. Re5 Rxe5 34. fxe5
hxg4 35. hxg4 g5 36. Be4 Rd7 37. Kf2 c5 38. Ke3 cxd4+ 39. Nxd4 Nc5 40. Rh1 Ng6
41. Bxg6 fxg6 42. Rf1 Rd8 43. Rf6 Re8 44. Nb5 Rd8 45. Nd4 Re8 46. Nb5 Rd8 47.
Nc7 Rd3+ 48. Ke2 Rxb3 49. Nxe6+ Nxe6 50. Rxe6 Rc3 51. Re7+ Kf8 52. Rxb7 Rxc4
53. a5 b3 54. Rxb3 Ra4 55. Rb8+ Kf7 56. Ra8 Re4+ 57. Kd3 Rxe5 58. Kd4 Rb5 59.
Kc4 Re5 60. a6 Kg7 61. Rb8 Ra5 62. Rb6 Kh6 63. Kb4 Ra1 64. Kb5 Ra2 65. Kc6 Ra4
66. Kb7 Rxg4 67. a7 Ra4 68. Ra6 Rb4+ 69. Kc7 Rc4+ 70. Kd7 Rd4+ 71. Ke7 Re4+ 72.
Kf7 1-0

[Event "19. Open Ciutat de Montcada 2011"]
[Site "Montcada i Reixac ESP"]
[Date "2011.06.26"]
[Round "2.5"]
[White "Panelo, Marcelo"]
[Black "Bacallao Alonso, Yusnel"]
[Result "1/2-1/2"]
[WhiteElo "2413"]
[BlackElo "2530"]
[PlyCount "73"]
[EventDate "2011.06.25"]
[EventType "swiss"]
[EventRounds "9"]
[EventCountry "ESP"]
[Source "lmi"]
[SourceDate "2011.06.25"]

1. Nf3 Nf6 2. c4 g6 3. Nc3 d5 4. cxd5 Nxd5 5. h4 h6 6. e4 Nxc3 7. dxc3 Qxd1+ 8.
Kxd1 Nd7 9. Nd2 Bg7 10. Nc4 Nf6 11. Bd3 Be6 12. Ne3 O-O-O 13. Kc2 Rd7 14. f3
Nh5 15. Bc4 Ng3 16. Bxe6 fxe6 17. Rh3 Ne2 18. Nf1 Be5 19. Be3 Nf4 20. Rg3 Rg8
21. Rg4 Nh5 22. f4 Nf6 23. Rg3 Nxe4 24. fxe5 Nxg3 25. Nxg3 g5 26. hxg5 Rd5 27.
Rh1 hxg5 28. Rh7 Kd8 29. c4 Rxe5 30. Kd3 Kc8 31. Kd4 Ra5 32. Rxe7 Rd8+ 33. Ke4
Ra4 34. b3 Rxa2 35. Bxg5 Rxg2 36. Bf4 Rd7 37. Re8+ 1/2-1/2

[Event "19. Open Ciutat de Montcada 2011"]
[Site "Montcada i Reixac ESP"]
[Date "2011.06.26"]
[Round "2.6"]
[White "Del Rio De Angelis, Salvador G"]
[Black "Vehi Bach, Victor Manuel"]
[Result "1/2-1/2"]
[WhiteElo "2508"]
[BlackElo "2402"]
[PlyCount "43"]
[EventDate "2011.06.25"]
[EventType "swiss"]
[EventRounds "9"]
[EventCountry "ESP"]
[Source "lmi"]
[SourceDate "2011.06.25"]

1. d4 Nf6 2. c4 e6 3. Nc3 Bb4 4. e3 O-O 5. Nge2 d5 6. a3 Be7 7. Nf4 c6 8. Bd3
Nbd7 9. O-O dxc4 10. Bxc4 e5 11. Nfe2 exd4 12. exd4 Nb6 13. Bb3 Nbd5 14. Qd3
Be6 15. Bc2 Re8 16. Ng3 Nxc3 17. bxc3 b5 18. Re1 Bc4 19. Qf3 Bd5 20. Qd3 Bc4
21. Qf3 Bd5 22. Qd3 1/2-1/2

[Event "19. Open Ciutat de Montcada 2011"]
[Site "Montcada i Reixac ESP"]
[Date "2011.06.26"]
[Round "2.8"]
[White "Munoz Pantoja, Miguel"]
[Black "Camacho Collados, Jose"]
[Result "1-0"]
[WhiteElo "2498"]
[BlackElo "2380"]
[PlyCount "137"]
[EventDate "2011.06.25"]
[EventType "swiss"]
[EventRounds "9"]
[EventCountry "ESP"]
[Source "lmi"]
[SourceDate "2011.06.25"]

1. e4 c5 2. Nf3 Nc6 3. d4 cxd4 4. Nxd4 Nf6 5. Nc3 e5 6. Ndb5 d6 7. Bg5 a6 8.
Bxf6 gxf6 9. Na3 b5 10. Nd5 Bg7 11. c3 Ne7 12. Nxe7 Qxe7 13. Bd3 f5 14. Nc2 O-O
15. Qh5 Rb8 16. Nb4 a5 17. Nc6 Qb7 18. exf5 e4 19. f6 Bxf6 20. Bxe4 Re8 21.
Qxh7+ Kf8 22. O-O Bg7 23. Bf3 Bg4 24. Nxa5 Qc7 25. Bxg4 Qxa5 26. a3 Qa4 27. h3
Qb3 28. Rab1 d5 29. Rfd1 Rbd8 30. Rd2 Re5 31. Qc2 Qc4 32. Be2 Qc5 33. Rbd1 Rde8
34. Bf1 R8e6 35. Qb3 Rf5 36. Qb4 Qxb4 37. axb4 d4 38. cxd4 Rd6 39. d5 Rf4 40.
Bxb5 Rxb4 41. Bc6 Bxb2 42. Rb1 Bc3 43. Rxb4 Bxb4 44. Re2 Bc5 45. g3 Rg6 46. Kg2
Kg7 47. f4 Bd6 48. Kf3 Rh6 49. h4 Rh8 50. Rb2 Kf6 51. Rb7 Bc5 52. Rc7 Ba3 53.
Bb5 Rd8 54. Bc4 Bd6 55. Rc6 Ke7 56. g4 Ra8 57. g5 Ra1 58. f5 Rh1 59. f6+ Kd7
60. Bb5 Rb1 61. Ba4 Ra1 62. Ra6+ Kc7 63. Bb5 Rb1 64. Be8 Rb3+ 65. Kg4 Rb4+ 66.
Kh5 Bg3 67. Ra4 Rb8 68. Bxf7 Rh8+ 69. Kg6 1-0

[Event "19. Open Ciutat de Montcada 2011"]
[Site "Montcada i Reixac ESP"]
[Date "2011.06.26"]
[Round "2.10"]
[White "Larino Nieto, David"]
[Black "Lorenzo De La Riva, Lazaro"]
[Result "0-1"]
[WhiteElo "2487"]
[BlackElo "2378"]
[PlyCount "44"]
[EventDate "2011.06.25"]
[EventType "swiss"]
[EventRounds "9"]
[EventCountry "ESP"]
[Source "lmi"]
[SourceDate "2011.06.25"]

1. b3 d5 2. Bb2 Nf6 3. f4 Nc6 4. Nf3 Bg4 5. e3 e6 6. h3 Bxf3 7. Qxf3 Bd6 8. Bb5
Qd7 9. c4 Be7 10. Nc3 a6 11. Ba4 O-O 12. Rc1 Rfd8 13. cxd5 b5 14. Nxb5 axb5 15.
Bxb5 Nd4 16. Bxd4 Qxb5 17. dxe6 Rxa2 18. exf7+ Kxf7 19. Rh2 c5 20. Bxf6 Rdxd2
21. g4 Qd3 22. Bd4 Bh4+ 0-1

[Event "19. Open Ciutat de Montcada 2011"]
[Site "Montcada i Reixac ESP"]
[Date "2011.06.27"]
[Round "3.3"]
[White "Stopa, Jacek"]
[Black "Narciso Dublan, Marc"]
[Result "1/2-1/2"]
[WhiteElo "2460"]
[BlackElo "2532"]
[PlyCount "75"]
[EventDate "2011.06.25"]
[EventType "swiss"]
[EventRounds "9"]
[EventCountry "ESP"]
[Source "lmi"]
[SourceDate "2011.06.25"]

1. e4 Nf6 2. e5 Nd5 3. c4 Nb6 4. d4 d6 5. f4 g6 6. Nc3 Bg7 7. Be3 Be6 8. b3 O-O
9. Nf3 c5 10. dxc5 N6d7 11. cxd6 exd6 12. Qxd6 Nxe5 13. Qxd8 Nxf3+ 14. gxf3
Rxd8 15. Rc1 Nc6 16. Kf2 Ne7 17. Be2 Nf5 18. Rhd1 Rxd1 19. Bxd1 Nxe3 20. Kxe3
Re8 21. Kd3 Bh6 22. Nd5 Bxd5 23. cxd5 Bxf4 24. Rc2 Re3+ 25. Kd4 Re1 26. Be2
Bxh2 27. Kc5 h5 28. d6 h4 29. d7 Bc7 30. Kd5 Bb6 31. f4 Kg7 32. Kd6 h3 33. Bg4
Re3 34. Rh2 Rd3+ 35. Ke7 Re3+ 36. Kd6 Rd3+ 37. Ke7 Re3+ 38. Kd6 1/2-1/2

[Event "19. Open Ciutat de Montcada 2011"]
[Site "Montcada i Reixac ESP"]
[Date "2011.06.27"]
[Round "3.6"]
[White "Peralta, Fernando"]
[Black "Pogorelov, Ruslan"]
[Result "1/2-1/2"]
[WhiteElo "2608"]
[BlackElo "2436"]
[PlyCount "73"]
[EventDate "2011.06.25"]
[EventType "swiss"]
[EventRounds "9"]
[EventCountry "ESP"]
[Source "lmi"]
[SourceDate "2011.06.25"]

1. d4 Nf6 2. c4 e6 3. Nc3 Bb4 4. e3 O-O 5. Bd3 c5 6. Nf3 d5 7. O-O dxc4 8. Bxc4
Nbd7 9. Qd3 cxd4 10. exd4 b6 11. Bf4 Bb7 12. Rac1 a6 13. a4 Re8 14. Rfd1 Nf8
15. Bg5 h6 16. Be3 Ng6 17. d5 exd5 18. Nxd5 Bxd5 19. Bxd5 Qxd5 20. Qxd5 Nxd5
21. Rxd5 Rac8 22. Rxc8 Rxc8 23. h4 Bc5 24. Bxc5 Rxc5 25. Rd6 Rc4 26. Rxb6 Rxa4
27. g3 f6 28. b3 Ra1+ 29. Kg2 h5 30. Nd4 Ne5 31. Rb8+ Kh7 32. Rb7 Ra2 33. Ne6
Ng4 34. Rxg7+ Kh8 35. Kg1 Ra1+ 36. Kg2 Ra2 37. Kg1 1/2-1/2

[Event "19. Open Ciutat de Montcada 2011"]
[Site "Montcada i Reixac ESP"]
[Date "2011.06.27"]
[Round "3.7"]
[White "Cuartas, Jaime Alexander"]
[Black "Panelo, Marcelo"]
[Result "1-0"]
[WhiteElo "2542"]
[BlackElo "2413"]
[PlyCount "61"]
[EventDate "2011.06.25"]
[EventType "swiss"]
[EventRounds "9"]
[EventCountry "ESP"]
[Source "lmi"]
[SourceDate "2011.06.25"]

1. e4 e5 2. Nf3 Nc6 3. Bb5 a6 4. Ba4 Nf6 5. O-O Be7 6. Re1 b5 7. Bb3 d6 8. c3
O-O 9. h3 Na5 10. Bc2 c5 11. d4 Nd7 12. Nbd2 exd4 13. cxd4 Nc6 14. dxc5 dxc5
15. e5 Nb6 16. Qe2 Be6 17. Ne4 Nb4 18. Rd1 Qc7 19. Bg5 Bxg5 20. Nfxg5 Nxc2 21.
Qxc2 Bf5 22. Qxc5 Qxc5 23. Nxc5 Rfc8 24. b4 a5 25. bxa5 Rxa5 26. Nb7 Raa8 27.
Nd6 Rc5 28. Nxf5 Rxe5 29. g4 g6 30. Nf3 Re2 31. N5d4 1-0

[Event "19. Open Ciutat de Montcada 2011"]
[Site "Montcada i Reixac ESP"]
[Date "2011.06.27"]
[Round "3.8"]
[White "Bacallao Alonso, Yusnel"]
[Black "Cruz, Jonathan"]
[Result "1-0"]
[WhiteElo "2530"]
[BlackElo "2393"]
[PlyCount "51"]
[EventDate "2011.06.25"]
[EventType "swiss"]
[EventRounds "9"]
[EventCountry "ESP"]
[Source "lmi"]
[SourceDate "2011.06.25"]

1. e4 c5 2. Nf3 d6 3. d4 cxd4 4. Nxd4 Nf6 5. Nc3 a6 6. Be3 e5 7. Nb3 Be6 8. Qd2
Nbd7 9. O-O-O b5 10. f4 Rb8 11. Bd3 Qc7 12. Kb1 Nb6 13. Bxb6 Qxb6 14. Rhe1 Qc7
15. Nd5 Nxd5 16. exd5 Bxd5 17. Bf5 Be6 18. fxe5 d5 19. Nd4 Rb6 20. Qg5 Qe7 21.
Qe3 Qc7 22. Qh3 Qc8 23. Nxe6 fxe6 24. Bxh7 Kd8 25. Rf1 Qc7 26. Bg6 1-0

[Event "19. Open Ciutat de Montcada 2011"]
[Site "Montcada i Reixac ESP"]
[Date "2011.06.27"]
[Round "3.9"]
[White "Hernando Rodrigo, Julio A"]
[Black "Del Rio De Angelis, Salvador G"]
[Result "0-1"]
[WhiteElo "2325"]
[BlackElo "2508"]
[PlyCount "88"]
[EventDate "2011.06.25"]
[EventType "swiss"]
[EventRounds "9"]
[EventCountry "ESP"]
[Source "lmi"]
[SourceDate "2011.06.25"]

1. d4 e6 2. c4 Nf6 3. Nf3 d5 4. Nc3 Nbd7 5. Bg5 Bb4 6. cxd5 exd5 7. e3 c5 8.
Qc2 O-O 9. Bd3 Qa5 10. dxc5 Ne4 11. O-O Bxc3 12. bxc3 Ndxc5 13. Be7 Re8 14.
Bxc5 Qxc5 15. c4 Nf6 16. Rab1 dxc4 17. Qxc4 Qxc4 18. Bxc4 Re7 19. Nd4 Ne4 20.
Rb2 Be6 21. Nxe6 fxe6 22. f3 Nc5 23. Rd1 Rc7 24. Rd4 Kf7 25. Kf2 Ke7 26. Rbd2
Rac8 27. Be2 Rd7 28. Bb5 Rxd4 29. exd4 a6 30. Be2 Na4 31. Bd3 h6 32. Be4 Rc7
33. h4 b5 34. g4 Nc3 35. Ke3 b4 36. f4 a5 37. f5 a4 38. fxe6 Kxe6 39. Bh7 Kd6
40. Kf4 g5+ 41. hxg5 hxg5+ 42. Kxg5 Rxh7 43. Rb2 b3 44. axb3 a3 0-1

[Event "19. Open Ciutat de Montcada 2011"]
[Site "Montcada i Reixac ESP"]
[Date "2011.06.27"]
[Round "3.10"]
[White "Gonzalez Vidal, Yuri"]
[Black "Massoni, Michael"]
[Result "0-1"]
[WhiteElo "2504"]
[BlackElo "2320"]
[PlyCount "58"]
[EventDate "2011.06.25"]
[EventType "swiss"]
[EventRounds "9"]
[EventCountry "ESP"]
[Source "lmi"]
[SourceDate "2011.06.25"]

1. d4 Nf6 2. c4 g6 3. g3 Bg7 4. Bg2 d5 5. cxd5 Nxd5 6. Nf3 O-O 7. O-O c5 8. e4
Nb6 9. d5 e6 10. Bg5 f6 11. Be3 Na6 12. Nc3 Nc4 13. Bc1 e5 14. b3 Nd6 15. Ne1
Bd7 16. Bb2 b5 17. a3 Qb6 18. Kh1 b4 19. axb4 cxb4 20. Na4 Bxa4 21. bxa4 Nc5
22. Qe2 Rac8 23. a5 Qb5 24. Qxb5 Nxb5 25. f3 Bh6 26. Bh3 Rc7 27. Rf2 Be3 28.
Rc2 b3 29. Rc4 Nd6 0-1

[Event "19. Open Ciutat de Montcada 2011"]
[Site "Montcada i Reixac ESP"]
[Date "2011.06.28"]
[Round "4.2"]
[White "Munoz Pantoja, Miguel"]
[Black "Hernandez Carmenates, Holden"]
[Result "1/2-1/2"]
[WhiteElo "2498"]
[BlackElo "2558"]
[PlyCount "83"]
[EventDate "2011.06.25"]
[EventType "swiss"]
[EventRounds "9"]
[EventCountry "ESP"]
[Source "lmi"]
[SourceDate "2011.06.25"]

1. e4 c5 2. Nf3 d6 3. Bb5+ Nd7 4. c4 e5 5. d3 g6 6. Nc3 Bg7 7. Nd5 a6 8. Ba4
Ngf6 9. Bg5 O-O 10. Bxd7 Bxd7 11. Nd2 Be6 12. O-O Bxd5 13. cxd5 h6 14. Bh4 b5
15. a4 Qd7 16. Bxf6 Bxf6 17. Ra2 Bg5 18. Qc2 Ra7 19. Rfa1 Rfa8 20. Nf3 Bd8 21.
Qd2 Kg7 22. b4 cxb4 23. Qxb4 Rb7 24. axb5 Rxb5 25. Qe1 Bb6 26. Nd2 Bd4 27. Rc1
a5 28. Nc4 a4 29. g3 Ra6 30. Kg2 Rb3 31. Qe2 a3 32. Rf1 Ra4 33. f4 exf4 34.
Rxf4 Qe7 35. Qd1 Rab4 36. Rxa3 Rxa3 37. Nxa3 Rb2+ 38. Kh1 Qd7 39. Nc2 Be5 40.
Rf2 Qa4 41. Qf3 f6 42. Ne3 1/2-1/2

[Event "19. Open Ciutat de Montcada 2011"]
[Site "Montcada i Reixac ESP"]
[Date "2011.06.28"]
[Round "4.4"]
[White "Narciso Dublan, Marc"]
[Black "Lorenzo De La Riva, Lazaro"]
[Result "1-0"]
[WhiteElo "2532"]
[BlackElo "2378"]
[PlyCount "51"]
[EventDate "2011.06.25"]
[EventType "swiss"]
[EventRounds "9"]
[EventCountry "ESP"]
[Source "lmi"]
[SourceDate "2011.06.25"]

1. e4 c5 2. Nf3 g6 3. d4 cxd4 4. Nxd4 Nc6 5. Nc3 Bg7 6. Nde2 d6 7. g3 Bg4 8.
Bg2 Bxc3+ 9. bxc3 Ne5 10. f4 Nc6 11. h3 Bxe2 12. Qxe2 Qa5 13. Bd2 Qc5 14. Rb1
Nd8 15. Rb5 Qc7 16. e5 dxe5 17. fxe5 e6 18. O-O Ne7 19. Qf2 Nec6 20. Bg5 f5 21.
exf6 O-O 22. Bh6 Rf7 23. h4 Rd7 24. Bf4 e5 25. Be3 Ne6 26. f7+ 1-0

[Event "19. Open Ciutat de Montcada 2011"]
[Site "Montcada i Reixac ESP"]
[Date "2011.06.28"]
[Round "4.5"]
[White "Gonzalez Perez, Arian"]
[Black "Bacallao Alonso, Yusnel"]
[Result "1/2-1/2"]
[WhiteElo "2476"]
[BlackElo "2530"]
[PlyCount "57"]
[EventDate "2011.06.25"]
[EventType "swiss"]
[EventRounds "9"]
[EventCountry "ESP"]
[Source "lmi"]
[SourceDate "2011.06.25"]

1. d4 Nf6 2. c4 g6 3. Nc3 d5 4. cxd5 Nxd5 5. Bd2 Bg7 6. e4 Nxc3 7. Bxc3 c5 8.
d5 Bxc3+ 9. bxc3 O-O 10. Bc4 Qd6 11. Nf3 Bg4 12. h3 Bxf3 13. Qxf3 Nd7 14. O-O
f5 15. exf5 Rxf5 16. Qe2 Nb6 17. Rae1 Rc8 18. Bd3 Rxd5 19. Be4 Rd2 20. Qg4 Rf8
21. Bxb7 Rf6 22. Re2 Rd1 23. Rxd1 Qxd1+ 24. Kh2 Qd3 25. Bf3 Qd6+ 26. Kg1 Qd1+
27. Kh2 Qd6+ 28. Kg1 Qd1+ 29. Kh2 1/2-1/2

[Event "19. Open Ciutat de Montcada 2011"]
[Site "Montcada i Reixac ESP"]
[Date "2011.06.28"]
[Round "4.7"]
[White "Massoni, Michael"]
[Black "Esserman, Marc"]
[Result "1-0"]
[WhiteElo "2320"]
[BlackElo "2439"]
[PlyCount "106"]
[EventDate "2011.06.25"]
[EventType "swiss"]
[EventRounds "9"]
[EventCountry "ESP"]
[Source "lmi"]
[SourceDate "2011.06.25"]

1. e4 c5 2. Nf3 d6 3. d4 cxd4 4. Nxd4 Nf6 5. Nc3 a6 6. Be2 e6 7. O-O Be7 8. f4
O-O 9. a4 Nc6 10. Be3 Qc7 11. Kh1 Re8 12. a5 Nxa5 13. e5 dxe5 14. fxe5 Qxe5 15.
Bf4 Qc5 16. Na4 Qa7 17. Be3 b6 18. b4 Bxb4 19. Rxf6 gxf6 20. Bd3 f5 21. Nxb6
Qc7 22. Nxa8 Qe5 23. Bg1 Bb7 24. Nb6 Rd8 25. Nf3 Qg7 26. Rb1 Nc6 27. Qe2 a5 28.
Nc4 Ba8 29. Bb6 Rd5 30. Ne3 Rd6 31. Nc4 Rd5 32. Bc7 Rc5 33. Bg3 a4 34. Nfe5 a3
35. c3 Nxe5 36. Bxe5 Rxe5 37. Nxe5 Bd6 38. Nc4 Bc7 39. Qd2 Qf6 40. Ne3 Be5 41.
Nf1 Bxc3 42. Qe2 Bb2 43. Bc4 Bd5 44. Rd1 Bc3 45. Ng3 Be5 46. Qd3 Qe7 47. Re1
Qf6 48. Qxa3 f4 49. Ne4 Qh4 50. Re2 f3 51. gxf3 Qh3 52. Rg2+ Bg7 53. Nf6+ Kh8
1-0

[Event "19. Open Ciutat de Montcada 2011"]
[Site "Montcada i Reixac ESP"]
[Date "2011.06.28"]
[Round "4.8"]
[White "Hernando Rodrigo, Jose Maria"]
[Black "Peralta, Fernando"]
[Result "0-1"]
[WhiteElo "2302"]
[BlackElo "2608"]
[PlyCount "90"]
[EventDate "2011.06.25"]
[EventType "swiss"]
[EventRounds "9"]
[EventCountry "ESP"]
[Source "lmi"]
[SourceDate "2011.06.25"]

1. d4 d5 2. c4 e6 3. Nc3 Bb4 4. e3 Nf6 5. a3 Bxc3+ 6. bxc3 c5 7. cxd5 exd5 8.
Bd3 O-O 9. Ne2 b6 10. O-O Ba6 11. Ng3 Bxd3 12. Qxd3 Nc6 13. f3 Re8 14. Bb2 c4
15. Qe2 h5 16. Rae1 h4 17. Nh1 b5 18. Nf2 a5 19. e4 b4 20. e5 Rb8 21. f4 bxc3
22. Bxc3 Rb3 23. Qd2 Nh7 24. Ng4 Rxa3 25. Ne3 Rb3 26. f5 Qg5 27. Qc2 Nf6 28.
Qc1 Ne4 29. Ba1 Nb4 30. Re2 Rd3 31. f6 Nxf6 32. Nxd5 Qxc1 33. Nxf6+ gxf6 34.
Rxc1 fxe5 35. dxe5 c3 36. Re4 c2 37. Rf1 Rd1 38. Rc4 Red8 39. Bb2 Rb1 40. e6
fxe6 41. Ba3 Rf8 42. Rg4+ Kh7 43. Rxh4+ Kg6 44. Rc1 Rd8 45. Rf1 Rdd1 0-1